|
|
|
|
| LEADER |
01411nam a2200349 i 4500 |
| 001 |
c000136883 |
| 003 |
CARM |
| 005 |
20110531092338.0 |
| 008 |
750813s1976 wb a b 00110 eng |
| 019 |
1 |
|
|a 237156
|z 27521907
|5 LACONCORD2021
|
| 020 |
|
|
|a 0387073272
|
| 035 |
|
|
|a (OCoLC)1602241
|5 LACONCORD2021
|
| 040 |
|
|
|a VCAV
|c VCAV
|
| 041 |
1 |
|
|a engfre
|
| 050 |
0 |
0 |
|a QA808
|b .D8813
|
| 100 |
1 |
|
|a Duvaut, G.
|
| 240 |
1 |
0 |
|a Inequations en mecanique et en physique.
|l English
|
| 245 |
1 |
0 |
|a Inequalities in mechanics and physics /
|c G. Duvaut, J. L. Lions ; translated from the French by C. W. John.
|
| 260 |
|
|
|a Berlin ;
|a New York :
|b Springer-Verlag,
|c 1976.
|
| 300 |
|
|
|a xvi, 397 p. :
|b ill. ;
|c 25 cm.
|
| 490 |
1 |
|
|a Grundlehren der mathematischen Wissenschaften ;
|v 219
|
| 504 |
|
|
|a Bibliography: [382]-391.
|
| 504 |
|
|
|a Includes bibliographies and index.
|
| 650 |
|
0 |
|a Mechanics.
|
| 650 |
|
0 |
|a Physics.
|
| 650 |
|
0 |
|a Inequalities (Mathematics)
|
| 700 |
1 |
|
|a Lions, Jacques Louis.
|e joint author.
|
| 830 |
|
0 |
|a Grundlehren der mathematischen Wissenschaften in Einzeldarstellungen mit besonderer Berucksichtigung der Anwendungsgebiete ;
|v Bd. 219.
|
| 852 |
8 |
|
|b CARM
|h A1:AR01F0
|i C10953
|p 0503260
|f BK
|
| 082 |
0 |
4 |
|a 531
|
| 999 |
f |
f |
|i 287fa2f1-e6e0-54c9-8acb-6dead7779672
|s a2479d21-fdb7-5202-beda-3ac0b46a0e02
|
| 952 |
f |
f |
|p Can circulate
|a CAVAL
|b CAVAL
|c CAVAL
|d CARM 1 Store
|e C10953
|f A1:AR01F0
|h Other scheme
|i book
|m 0503260
|